Statistics for Cleveland Cavaliers: Leading Scorer Every Year

Click here to take the quiz!

General Stats

  • This quiz has been taken 759 times
    (26 since last reset)
  • The average score is 31 of 54

Answer Stats

YearPlayerAverage% Correct
2007-2008LeBron James30.0
100%
2017-2018LeBron James27.5
100%
2006-2007LeBron James27.3
100%
2005-2006LeBron James31.4
100%
2004-2005LeBron James27.2
100%
2003-2004LeBron James20.9
100%
2009-2010LeBron James29.7
100%
2014-2015LeBron James25.3
100%
2015-2016LeBron James25.3
100%
2008-2009LeBron James28.4
100%
2016-2017LeBron James26.4
100%
2011-2012Kyrie Irving18.5
96%
2012-2013Kyrie Irving22.5
96%
2013-2014Kyrie Irving20.8
96%
2023-2024Donovan Mitchell26.6
92%
2022-2023Donovan Mitchell28.3
92%
2018-2019Kevin Love17.0
92%
1993-1994Mark Price17.3
92%
1994-1995Mark Price15.8
92%
1988-1989Mark Price18.9
92%
1979-1980Mike Mitchell22.2
92%
1980-1981Mike Mitchell24.5
92%
1981-1982Mike Mitchell19.6
92%
2021-2022Darius Garland21.7
75%
2020-2021Collin Sexton24.3
58%
2019-2020Collin Sexton20.8
58%
1992-1993Brad Daugherty20.2
50%
1991-1992Brad Daugherty21.5
50%
1987-1988Brad Daugherty18.7
50%
1990-1991Brad Daugherty21.6
50%
1974-1975Bingo Smith15.9
38%
1982-1983World B. Free24.2
38%
1985-1986World B. Free23.4
38%
1984-1985World B. Free22.5
38%
1983-1984World B. Free22.3
38%
2010-2011Antawn Jamison18.0
29%
1971-1972Austin Carr21.2
29%
1973-1974Austin Carr21.9
29%
1997-1998Shawn Kemp18.0
29%
1999-2000Shawn Kemp17.8
29%
1998-1999Shawn Kemp20.5
29%
2002-2003Ricky Davis20.6
21%
1989-1990Ron Harper22.0
21%
1986-1987Ron Harper22.9
21%
1996-1997Terrell Brandon19.5
17%
1995-1996Terrell Brandon19.3
17%
1978-1979Campy Russell21.9
13%
1977-1978Campy Russell19.4
13%
1976-1977Campy Russell16.5
13%
1975-1976Jim Chones15.8
13%
2000-2001Andre Miller15.8
8%
2001-2002Lamond Murray16.6
8%
1972-1973Lenny Wilkens20.5
4%
1970-1971Walt Wesley17.7
4%

Score Distribution

Percentile by Number Answered

Percent of People with Each Score

Your Score History

You have not taken this quiz since the last reset